000 00273nam a22001217a 4500
082 _a825
_bKOC/S
100 _aKOCHUVEEDAN,JAISON
245 _aSPEECHES FOR THE LITTLE KINGDOM
260 _aCHENNAI
_bFIRST EDITION
300 _a106
650 _aSPEECH
_zCHENNAI
942 _cBK
999 _c3637
_d3637